000 00692nam a2200289Ia 4500
005 20260324121021.0
008 008 260324s9999 xx 000 0 eng d
020 _a9781315604015
037 _aEBOOK
040 _aCRL
040 _beng
040 _cCRL
041 _2eng
041 _aeng
084 _qCRL
100 _aStephanie Zeier Pilat
_91160868
245 0 _aReconstructing Italy
245 4 _bThe Ina-Casa Neighborhoods of the Postwar Era
260 _bTaylor and Francis
260 _c2014
365 _a
365 _b240
856 _uhttp://www.taylorfrancis.com/books/9781315604015
942 _cEBOOK
999 _c1752707
_d1752707